| 000 | 00570nam a2200217Ia 4500 | ||
|---|---|---|---|
| 003 | OSt | ||
| 005 | 20221007063458.0 | ||
| 006 | a|||||r|||| 00| 0 | ||
| 007 | ta | ||
| 008 | 221006b |||||||| |||| 00| 0 eng d | ||
| 024 | _a26,611 | ||
| 037 | _cTextual | ||
| 040 |
_aFLL _cFLL _beng |
||
| 041 |
_2eng _aeng |
||
| 082 | _aZ73:12y7, J0 | ||
| 245 | 0 | _aSelected essays on family law | |
| 260 |
_aBrooklyn _bThe Foundation Press, Inc. Brooklyn _c1950 |
||
| 300 |
_axv,1-1122p _ccm. |
||
| 942 |
_hZ73:12y7, J0 _cTEXL _2CC |
||
| 999 |
_c1131338 _d1131338 |
||